000 00536nam a2200205 4500
003 LK-CoMWRAF
005 20231207093118.0
008 231202b2009 |||||||| |||| 00| 0 eng d
020 _a 9789551723064
040 _aLK-CoMWRAF
_dLK-CoMWRAF
_eLK-CoMWRAF
041 _aeng
082 _a823
_bWIJ
100 _a Wijesinghe, Manuka
245 _aTheravada man
260 _aColombo:
_bBay Owl Press,
_c2009
300 _a 361 p. ; 21 cm
_bGlossary included
650 _aENGLISH FICTION
650 _aSri Lankan Fiction
942 _cBK
999 _c4278
_d4278